[Event "Leverkusen-ch op"]
[Site "Leverkusen"]
[Date "2010.04.12"]
[Round "6"]
[White "Obeng, Kingsley"]
[Black "Bigott, Martin"]
[Result "0-1"]
[WhiteElo "1409"]
[BlackElo "1908"]
[PlyCount "70"]
[EventDate "2010.01.18"]
[EventType "swiss"]
[EventRounds "7"]
[EventCountry "GER"]
[SourceTitle "EXT 2011"]
[Source "ChessBase"]
[SourceDate "2010.11.26"]
[SourceVersion "1"]
[SourceVersionDate "2010.11.26"]
[SourceQuality "1"]

1. e4 Nf6 2. e5 Nd5 3. c4 Nb6 4. d4 d6 5. exd6 exd6 6. Nc3 Nc6 7. Be3 Be7 8. Nf3 Bg4 9. b3 0-0 10. Be2 Bf6 11. 0-0 d5 12. c5 Nc8 13. a3 N8e7 14. h3 Be6 15. b4 Nf5 16. b5 Nxe3 17. fxe3 Ne7 18. Bd3 c6 19. a4 Nf5 20. Qd2 Nh4 21. Nxh4 Bxh4 22. Bf5 Qd7 23. Bxe6 Qxe6 24. Qe2 Rae8 25. Nd1 Bg5 26. Ra3 f5 27. Qf3 Qh6 28. Kh2 f4 29. bxc6 bxc6 30. Qe2 fxe3 31. Rxf8+ Kxf8 32. Rb3 Kg8 33. Rb7 Qf6 34. Kg1 Qxd4 35. Kh1 Qf4 0-1

[Event "Leverkusen-ch op"]
[Site "Leverkusen"]
[Date "2010.01.18"]
[Round "1"]
[White "Hess, Dennis"]
[Black "Obeng, Kingsley"]
[Result "1/2-1/2"]
[WhiteElo "1976"]
[BlackElo "1409"]
[PlyCount "62"]
[EventDate "2010.01.18"]
[EventType "swiss"]
[EventRounds "7"]
[EventCountry "GER"]
[SourceTitle "EXT 2011"]
[Source "ChessBase"]
[SourceDate "2010.11.26"]
[SourceVersion "1"]
[SourceVersionDate "2010.11.26"]
[SourceQuality "1"]

1. e4 c5 2. d4 cxd4 3. c3 d3 4. Bxd3 d6 5. c4 Nc6 6. Be3 Nf6 7. h3 e6 8. Nc3 Be7 9. f4 a6 10. Nf3 Qc7 11. 0-0 0-0 12. Rc1 Rd8 13. Na4 Nd7 14. Bb1 b5 15. cxb5 axb5 16. Nd4 Nc5 17. Nxb5 Qb8 18. Nbc3 Ba6 19. Rf2 Nb4 20. Rd2 Nxa4 21. Nxa4 Bb7 22. a3 Nc6 23. b4 d5 24. Bb6 Qxf4 25. Rf2 Qe5 26. b5 dxe4 27. Bxd8 Rxd8 28. Qc2 Nd4 29. Qc7 Qxc7 30. Rxc7 e3 31. Rf1 Ne2+ 1/2-1/2

[Event "Troisdorf op"]
[Site "Troisdorf"]
[Date "2005.11.22"]
[Round "5.21"]
[White "Obeng, Kingsley"]
[Black "Roumjanzew, Ilja"]
[Result "0-1"]
[WhiteElo "1399"]
[BlackElo "1906"]
[PlyCount "104"]
[EventDate "2005.10.18"]
[EventType "swiss"]
[EventRounds "7"]
[EventCountry "GER"]
[SourceTitle "EXT 2006"]
[Source "ChessBase"]
[SourceDate "2005.11.24"]
[SourceVersion "1"]
[SourceVersionDate "2005.11.24"]
[SourceQuality "1"]

1. e4 e5 2. Bc4 Nf6 3. d3 c6 4. Nf3 d5 5. exd5 cxd5 6. Bb5+ Bd7 7. Bxd7+ Nbxd7 8. 0-0 Bc5 9. Bg5 0-0 10. Nc3 Qe8 11. d4 exd4 12. Nxd4 Qe5 13. Nf3 Qf5 14. Bxf6 Nxf6 15. Ne2 Ng4 16. Ned4 Qf4 17. Ne2 Qd6 18. Ned4 Rae8 19. Qd3 Re4 20. Nf5 Qb6 21. Qd2 Rfe8 22. Ng3 R4e7 23. c3 Re6 24. Nd4 Rh6 25. h3 Nf6 26. Rae1 Ne4 27. Nxe4 dxe4 28. Re3 Rd6 29. Rd1 f5 30. f4 Red8 31. Qc2 Bxd4 32. cxd4 Rxd4 33. Rxd4 Qxd4 34. Qb3+ Qd5 35. Qa3 a6 36. Qe7 Qd7 37. Qxd7 Rxd7 38. Kf2 Rd2+ 39. Re2 Rxe2+ 40. Kxe2 Kf7 41. Ke3 Ke6 42. Kd4 Kf6 43. Ke3 h6 44. Kd4 g5 45. Ke3 gxf4+ 46. Kxf4 Ke6 47. g4 fxg4 48. hxg4 Kd5 49. Ke3 Ke5 50. a3 a5 51. b4 axb4 52. axb4 b5 0-1

[Event "Troisdorf op"]
[Site "Troisdorf"]
[Date "2005.11.08"]
[Round "3.19"]
[White "Trube, Dieter"]
[Black "Obeng, Kingsley"]
[Result "1/2-1/2"]
[WhiteElo "1788"]
[BlackElo "1399"]
[PlyCount "62"]
[EventDate "2005.10.18"]
[EventType "swiss"]
[EventRounds "7"]
[EventCountry "GER"]
[SourceTitle "EXT 2006"]
[Source "ChessBase"]
[SourceDate "2005.11.24"]
[SourceVersion "1"]
[SourceVersionDate "2005.11.24"]
[SourceQuality "1"]

1. e4 c5 2. Nc3 Nc6 3. f4 d6 4. Nf3 a6 5. a4 e6 6. Bc4 Nf6 7. e5 dxe5 8. fxe5 Nd5 9. 0-0 Nb6 10. Be2 Be7 11. d3 0-0 12. Be3 Qc7 13. Bf4 Rd8 14. Ne4 Nc4 15. Qe1 N4xe5 16. Qg3 Nxf3+ 17. Rxf3 e5 18. Bh6 g6 19. Nf6+ Bxf6 20. Rxf6 Nd4 21. Bg4 Bxg4 22. Qxg4 Rd6 23. Raf1 Rxf6 24. Rxf6 Nxc2 25. h4 Qd8 26. Qg5 Qxd3 27. Qxe5 Qd4+ 28. Qxd4 Nxd4 29. Rb6 Rb8 30. Kf2 f5 31. Bf4 Re8 1/2-1/2

[Event "Leverkusen-ch op"]
[Site "Leverkusen"]
[Date "2005.03.07"]
[Round "6"]
[White "Hammermeister, Udo"]
[Black "Obeng, Kingsley"]
[Result "1-0"]
[WhiteElo "1700"]
[BlackElo "1293"]
[PlyCount "65"]
[EventDate "2005.01.10"]
[EventType "swiss"]
[EventRounds "9"]
[EventCountry "GER"]
[SourceTitle "EXT 2006"]
[Source "ChessBase"]
[SourceDate "2005.11.24"]
[SourceVersion "1"]
[SourceVersionDate "2005.11.24"]
[SourceQuality "1"]

1. e4 c5 2. c3 d5 3. exd5 Qxd5 4. d4 g6 5. Nf3 Bg7 6. dxc5 Qxc5 7. Be3 Qc7 8. Nbd2 Nf6 9. Bc4 0-0 10. 0-0 h6 11. h3 Nc6 12. Qc2 Bf5 13. Bd3 Bxd3 14. Qxd3 Rfd8 15. Qe2 Nd5 16. Rfd1 f5 17. Nf1 Kh7 18. Nd4 Nxd4 19. Bxd4 Nf4 20. Qf3 e5 21. Be3 Nd3 22. Qe2 e4 23. f3 b5 24. fxe4 fxe4 25. Rab1 a5 26. Nd2 Qc6 27. Qg4 Re8 28. Rf1 b4 29. cxb4 axb4 30. Rf7 Kg8 31. Rbf1 Rxa2 32. R7f6 Bxf6 33. Qxg6+ 1-0

[Event "Leverkusen-ch op"]
[Site "Leverkusen"]
[Date "2005.01.31"]
[Round "3"]
[White "Obeng, Kingsley"]
[Black "Ruland, Wolfgang"]
[Result "1/2-1/2"]
[WhiteElo "1293"]
[BlackElo "1561"]
[PlyCount "68"]
[EventDate "2005.01.10"]
[EventType "swiss"]
[EventRounds "9"]
[EventCountry "GER"]
[SourceTitle "EXT 2006"]
[Source "ChessBase"]
[SourceDate "2005.11.24"]
[SourceVersion "1"]
[SourceVersionDate "2005.11.24"]
[SourceQuality "1"]

1. e4 c5 2. Nf3 Nc6 3. d4 cxd4 4. Nxd4 Nf6 5. Nc3 e5 6. Ndb5 d6 7. Bg5 a6 8. Na3 Be6 9. Bxf6 gxf6 10. Nd5 Bxd5 11. Qxd5 Rc8 12. c3 Qd7 13. Nc4 Qe6 14. Nb6 Rd8 15. Bc4 Qxd5 16. Bxd5 Ne7 17. Bxb7 Rb8 18. Nc4 Ng6 19. Bxa6 Nf4 20. b4 Nxg2+ 21. Kd1 Nf4 22. Kc2 d5 23. exd5 Nxd5 24. Rad1 Nc7 25. Nd6+ Ke7 26. Bc4 Ne6 27. a4 Nd4+ 28. cxd4 Kxd6 29. b5 exd4 30. Rxd4+ Kc5 31. Kc3 Bh6 32. Rd5+ Kb6 33. Rd6+ Kb7 34. Rxf6 Bg7 1/2-1/2

[Event "Leverkusen-ch op"]
[Site "Leverkusen"]
[Date "2005.01.17"]
[Round "2"]
[White "Behrens, Wilfried"]
[Black "Obeng, Kingsley"]
[Result "1-0"]
[WhiteElo "1717"]
[BlackElo "1293"]
[PlyCount "28"]
[EventDate "2005.01.10"]
[EventType "swiss"]
[EventRounds "9"]
[EventCountry "GER"]
[SourceTitle "EXT 2006"]
[Source "ChessBase"]
[SourceDate "2005.11.24"]
[SourceVersion "1"]
[SourceVersionDate "2005.11.24"]
[SourceQuality "1"]

1. d4 Nf6 2. c4 g6 3. Nc3 Bg7 4. e4 0-0 5. f3 d6 6. Be3 Nbd7 7. h4 e5 8. d5 Ne8 9. g4 a5 10. Qd2 Nc5 11. h5 f5 12. hxg6 f4 13. Bxc5 dxc5 14. Rxh7 Rf6 1-0

[Event "Cologne-ch 05"]
[Site "Cologne"]
[Date "2004.12.04"]
[Round "1"]
[White "Ziabari, Morteza"]
[Black "Obeng, Kingsley"]
[Result "1-0"]
[WhiteElo "1831"]
[BlackElo "1305"]
[PlyCount "49"]
[EventDate "2004.12.04"]
[EventType "swiss"]
[EventRounds "7"]
[EventCountry "GER"]
[SourceTitle "EXT 2006"]
[Source "ChessBase"]
[SourceDate "2005.11.24"]
[SourceVersion "1"]
[SourceVersionDate "2005.11.24"]
[SourceQuality "1"]

1. e4 c5 2. Nf3 Nc6 3. Nc3 d6 4. d4 cxd4 5. Nxd4 Nf6 6. f3 e6 7. Be3 Be7 8. Bd3 a6 9. Qd2 Qc7 10. a3 Bd7 11. g4 Nxd4 12. Bxd4 0-0 13. g5 Nh5 14. 0-0-0 g6 15. f4 Rfe8 16. Rhg1 Bf8 17. Rdf1 Bg7 18. Bxg7 Nxg7 19. f5 Bc6 20. f6 Nh5 21. Be2 Rec8 22. Bxh5 gxh5 23. Qe2 Qd8 24. Qxh5 Qf8 25. Rg3 1-0

[Event "Cologne Longerich op 3rd"]
[Site "Cologne"]
[Date "2004.08.07"]
[Round "6"]
[White "Obeng, Kingsley"]
[Black "Jansen, Kurt"]
[Result "1-0"]
[WhiteElo "1210"]
[BlackElo "1490"]
[PlyCount "53"]
[EventDate "2004.06.26"]
[EventType "swiss"]
[EventRounds "7"]
[EventCountry "GER"]
[SourceTitle "EXT 2006"]
[Source "ChessBase"]
[SourceDate "2005.11.24"]
[SourceVersion "1"]
[SourceVersionDate "2005.11.24"]
[SourceQuality "1"]

1. e4 e6 2. d4 d5 3. Nc3 Bb4 4. e5 c5 5. Nf3 Nc6 6. a3 Bxc3+ 7. bxc3 Qb6 8. Bd3 c4 9. Be2 Nge7 10. g4 Bd7 11. Nh4 Ng6 12. Nxg6 fxg6 13. Bf3 0-0 14. Rf1 Ne7 15. Bg2 Rf7 16. h4 Nc6 17. Bg5 Raf8 18. h5 h6 19. hxg6 Re7 20. Bxe7 Nxe7 21. g5 Qb2 22. Kd2 Nxg6 23. gxh6 Nf4 24. Qg4 g6 25. Bxd5 Ba4 26. Be4 g5 27. Rfb1 1-0